Cyperský gólostroj kanonier Jozef Kožlej prekonal legendárneho Ladislava Pavloviča

Podrobná bibliografia
Hlavný autor: Petruš, Andrej (Autor)
Médium: Článok
Jazyk:slovenčina
PhysicalDescription:Fotogr.
ISSN:1336-4030
Predmet:
On-line prístup:www.vecernik.po.sk

MARC

LEADER 00000nab a2200000 a 4500
001 vtls008954906
003 SK-MaSNL
005 20260303070333.0
008 070313c20070109xo dr n 000 00slo
015 |a SNBRB2007/03SVKPO 
038 |a SVKPOCL 
040 |a SVKPOCL  |b slo  |c AACR2  |e AACR2 
041 |a slo 
044 |a xo  |c SK 
080 |a 796.332  |2 2001 
080 |a 796.332.071  |2 2001 
100 1 |a Petruš, Andrej  |4 aut  |9 672594 
245 1 0 |a Cyperský gólostroj  |b kanonier Jozef Kožlej prekonal legendárneho Ladislava Pavloviča  |c Andrej Petruš 
300 |a Fotogr. 
600 1 7 |a Kožlej, Jozef,  |d 1973-  |2 svkpocl  |9 109430 
650 0 7 |a futbal  |x osobnosti  |2 svkpocl  |9 1040197 
651 7 |a Prešov (Slovensko)  |2 svkpocl  |9 17347 
773 0 |t Prešovský večerník  |g Roč. XVIII, č. 4112 (9.1.2007)  |x 1336-4030 
773 0 8 |i Príl.:  |t Šport Plus  |g Č. 1 (9. januára 2007), s. 9 
852 |a SVKPO  |b KIS3GCP 
856 4 1 |u www.vecernik.po.sk 
958 |a BX 
999 |c 1754928  |d 1756858